000 01858nam a2200565 i 4500
001 42974
003 KOSZ 005
005 20200212125717.0
008 030813s2002 pl f |001 0 pol
015 _aPB 2003/13155
020 _a837279247X
035 _a991021210349705066
035 _a(PL-WaBN)b1573948x-48omnis_nlop
035 _ab1573948x
035 _a(OCoLC)749436728
035 _a(PL)b0000001573948
035 _a(EXLNZ-48OMNIS_NETWORK)9910262310105606
040 _aWA N
_cWA N
_dKOSZ 005/HR
041 1 _apol
_hger
046 _k2002
080 _a004.438
080 _a004.056.55
080 _a003.26
080 _a(07)
100 1 _aWelschenbach, Michael
_d(1956- )
_eAutor
245 1 0 _aKryptografia w językach C i C++ /
_cMichael Welschenbach ; przekł. z jęz. ang. Piotr Walczak.
246 1 _iTyt. oryg.:
_aKryptographie in C und C++
246 1 4 _aKryptografia w C i C++
260 _aWarszawa :
_b"Mikom",
_c2002.
300 _a467 s. ;
_c24 cm +
_eCD-ROM
336 _2rdacontent
_aTekst
_btxt
337 _2rdamedia
_aBezs urządzenia pośredniczącego
_bn
338 _2rdacarrier
_aWolumin
_bnc
380 _aKsiążki
380 _aPublikacje fachowe
388 _a2001-
490 1 _aNowa Biblioteka Programisty
504 _aBibliogr. Indeks.
650 7 _aC (język programowania)
_2DBN
650 7 _aC++ (język programowania)
_2DBN
650 7 _aSzyfry
_2DBN
655 7 _aPodręcznik
_2DBN
658 _aInformatyka i technologie informacyjne
700 1 _aWalczak, Piotr
_eTłumaczenie
710 2 _aWydawnictwo Mikom
_4pbl
830 0 _aNowa Biblioteka Programisty
856 _uhttp://koha.tu.koszalin.pl/cgi-bin/koha/opac-detail.pl?biblionumber=42974
_yKatalog online BPK
942 _2UKD
_cKS
999 _c42974
_d42974